00792 2200289 4500001002100000005001500021035002000036007000300056008004100059020002200100040002200122082001700144084001900161090002200180100002500202245002800227250003500255300003100290650002000321850001200341264003100353336002100384337003000405338002300435999002200458990002200480INLIS00000000089568620250502081451 a0010-0425000935ta250429 2025 yoi g 1 ind d a978-623-8796-61-8 aYOPDYOGbinderda04223a899.2213 a899.2213 AYA c aCB-D.11 2025-05600 aAyana MayePengarang10aCinta buta /cAyana May aCetakan pertama, Februari 2025 aviii, 158 halaman ;c20 cm 4aFiksi Indonesia aYOPDYOG31aSleman :bBukunesia,c2025 2rdacontentateks 2rdamediaatanpa perantara 2rdacarrieravolume aCB-D.11/2025-0560 aCB-D.11/2025-0560